000
00220nam a22001097a 4500
003
OSt
008
241202b |||||||| |||| 00| 0 eng d
041
_a
eng
100
_a
Tolstoy
_9
4478
245
_a
Polykushku
942
_c
BK
999
_c
18172
_d
18172